Chanson à trous : France Gall - Il jouait du piano debout - Statistiques

Statistiques générales
  • Ce quiz a été pris 253 fois
  • Le résultat moyen est 10 sur 15
Statistiques - réponses
Couplets Il jouait du piano debout % Correct
2 Et pour quelle raison étrange Les gens qui n'sont pas comme nous, ça nous {dérange}
97%
5 Il jouait du piano debout C'est peut-être un {détail} pour vous
95%
7 {Heureux} d'être là, malgré tout Jouait du piano debout
92%
3 Ne dites pas que ce garçon n'valait rien Il avait choisi un autre {chemin}
90%
6 Mais pour moi, ça veut dire beaucoup Ça veut dire qu'il était {libre}
89%
1 Ne dites pas que ce garçon était fou Il ne vivait pas {comme} {les} {autres}, c'est tout
85%
9 Simplement, sur ses {deux} {pieds} Il voulait être lui, vous comprenez
78%
14 Il jouait du piano debout C'est peut-être un détail pour vous Mais pour moi, ça veut dire beaucoup Ça veut dire qu'il était libre Heureux d'être là, malgré tout Jouait du piano debout Il chantait sur des {rythmes} fous Et pour moi, ça veut dire beaucoup
64%
15 Ça veut dire "essaie de {vivre} Essaie d'être heureux, ça vaut le coup" Il jouait du piano debout
61%
13 Et pour quelle raison {bizarre} Son image a marqué ma mémoire Ma mémoire
61%
11 Et pour quelle raison étrange Les gens qui tiennent à leurs {rêves}, ça nous dérange
56%
8 Quand les {trouillards} sont à genoux Et les soldats au garde à vous
49%
4 Et pour quelle raison étrange Les gens qui {pensent} {autrement}, ça nous dérange Ça nous dérange
47%
12 Lui et son piano, ils {pleuraient} quelques fois Mais c'est quand les autres n'étaient pas là
47%
10 Il n'y a que pour sa musique, qu'il était patriote Il s'rait mort au {champ} {d}'{honneur} pour quelques notes
31%
Aucun quiz correspondant
Distribution des résultats
% des personnes avec chaque résultat
Percentile par nombre de réponses
Votre historique - résultats
Vous n’avez pas pris ce quiz